[Event "Zadar op-B 23rd"]
[Site "Zadar"]
[Date "2016.12.12"]
[Round "3"]
[White "Mandaric, Ante"]
[Black "Buhin, Denis"]
[Result "0-1"]
[WhiteElo "2090"]
[BlackElo "1967"]
[PlyCount "42"]
[EventDate "2016.12.11"]
[EventType "swiss"]
[EventRounds "9"]
[EventCountry "CRO"]
[SourceTitle "CBM 176 Extra"]
[Source "ChessBase"]
[SourceDate "2017.03.02"]
[SourceVersion "1"]
[SourceVersionDate "2017.03.02"]
[SourceQuality "1"]

1. e4 c5 2. Nf3 g6 3. Bc4 e6 4. 0-0 Bg7 5. c3 Ne7 6. d4 cxd4 7. cxd4 d5 8. exd5 Nxd5 9. Bxd5 Qxd5 10. Nc3 Qa5 11. Qb3 0-0 12. Be3 Nc6 13. a3 Ne7 14. Rac1 Nf5 15. Ne4 Nxe3 16. Qxe3 Bd7 17. Qf4 Bc6 18. Ne5 Bxe4 19. Qxe4 Qb5 20. Rc7 Bxe5 21. Rxb7 Bxh2+ 0-1